000
00176nam a2200085 4500
001
1254531
005
20251117154430.0
245
_a
DAĞDA MACERA
_c
ENID BLYTON
260
_b
ARTEMİS
999
_c
1254531
_d
1254531